000
00291nam a22001337a 4500
008
171016b xxu||||| |||| 00| 0 eng d
020
_a
9781848445802
041
_a
eng
080
_a
33
100
_a
52
101
_a
ECO
245
_a
EDUCATING ECONOMISTS
_c
COLANDER.D
942
_2
udc
_c
BK
999
_c
34032
_d
34032